[Event "ch-CHN w"]
[Site "Xinghua Jiangsu CHN"]
[Date "2009.06.01"]
[Round "6"]
[White "Ju Wenjun"]
[Black "Zhao Xue"]
[Result "1/2-1/2"]
[WhiteElo "2454"]
[BlackElo "2531"]

1.g3 d5 2.Nf3 Nf6 3.Bg2 e6 4.O-O Be7 5.d4 O-O 6.c4 dxc4 7.Qc2 a6 8.Qxc4 b5
9.Qc2 Bb7 10.Bd2 Bd6 11.Bg5 Nbd7 12.Nbd2 Rc8 13.Bxf6 Nxf6 14.Nb3 Be4 15.Qc1 Qe7
16.Nc5 Bxc5 17.Qxc5 Qxc5 18.dxc5 Rfd8 19.Rfd1 Nd7 20.b4 Nb8 21.Nd4 Bxg2 22.Kxg2 e5
23.Nc2 f5 24.Kf3 Kf7 25.e4 g6 26.Ke3 Nc6 27.a4 Rxd1 28.Rxd1 Ke6 29.axb5 axb5
30.Ra1 Rf8 31.Ra6 f4+ 32.gxf4 exf4+ 33.Ke2 Kd7 34.Ra1 Ke7 35.Rd1 Ra8 36.Nd4 Nxd4+
37.Rxd4 Ke6 38.Kf3 g5 39.Rd5 Ra3+ 40.Kg4 Ra2 41.Kf3 Ra3+ 42.Kg4 Ra2 43.h4 Rxf2
44.hxg5 f3 45.c6 Rf1 46.Kg3 f2 47.Rxb5 Re1 48.Kxf2 Rxe4 49.Rb8 Kd6 50.Kf3 Re6
51.b5 h6 52.gxh6 Rxh6 53.Ke4 Rh4+ 54.Kf5 Rh5+ 55.Kf6 Rh6+ 56.Kg7 Rh2 57.Rf8 Rg2+
58.Kh6 Kc5 59.Rb8 Rb2 60.Rb7  1/2-1/2

[Event "XXXI Nezhmetdinov Mem"]
[Site "Kazan RUS"]
[Date "2009.06.02"]
[Round "3"]
[White "Frolov,Arti"]
[Black "Ospennikov,D"]
[Result "1/2-1/2"]
[WhiteElo "2435"]
[BlackElo "2229"]

1.Nf3 d5 2.g3 Nf6 3.Bg2 c6 4.O-O Bf5 5.d3 h6 6.Nbd2 e6 7.Qe1 Be7 8.e4 dxe4
9.dxe4 Bh7 10.a3 O-O 11.e5 Nfd7 12.Qd1 Nc5 13.b3 a5 14.Bb2 Nba6 15.Nd4 Nc7
16.Qe2 Nd5 17.f4 Qc7 18.Kh1 Rad8 19.h4 Rfe8 20.Rae1 Bf8 21.Qg4 Ne7 22.Nc4 Nf5
23.Nxf5 Bxf5 24.Qe2 b5 25.Nd6 Bxd6 26.exd6 Qxd6 27.Rd1 Qc7 28.Be5 Qc8 29.g4 Bh7
30.Bxg7 Kxg7 31.Qe5+ Kg8 32.Qxc5 Rxd1 33.Rxd1 Rd8 34.Rd4 Rxd4 35.Qxd4 c5
36.Qf6 Qd7 37.Qxh6 Qd1+ 38.Kh2 Qxg4 39.c3 b4 40.cxb4 cxb4 41.axb4 axb4 42.Qf6 Bf5
43.Qh6 Bg6 44.Bf1 Qf3 45.Bg2 Qg4 46.Bf1 f6 47.Bg2 Kf7 48.Kh1 Qg3 49.f5 Qe1+
50.Kh2 Qe5+ 51.Kh1 Qxf5 52.Qd2 Qb1+ 53.Kh2 Qxb3 54.Qd7+ Kf8 55.Qd8+ Kg7 56.Qe7+ Bf7
57.h5 Qe3 58.Qxb4 Qe5+ 59.Kg1 Qxh5 60.Qf4 Kg6 61.Be4+ f5 62.Bg2 Qd1+ 63.Kf2 Qc2+
64.Kg1 Qc3 65.Qd6 Qe3+ 66.Kh1 Kh5 67.Qf8 Bg6 68.Qh8+ Kg4 69.Qg7 Qg5 70.Qd4+ Qf4
71.Qg7 Kh5 72.Qh8+ Qh6 73.Qf6 Qc1+ 74.Kh2 Qf4+ 75.Kg1 e5 76.Qh8+ Kg4 77.Qg7 Kg5
78.Qe7+ Kh5 79.Qc7 Qe3+ 80.Kh2 f4 81.Bf3+ Kh6 82.Qd8 Qf2+ 83.Bg2 Qg3+ 84.Kh1 f3
85.Qf8+ Kg5 86.Bxf3 e4 87.Bg2 e3 88.Qe7+ Kh5 89.Qc5+ Kg4 90.Qc8+ Bf5 91.Qg8+ Kh4
92.Qh8+ Kg5 93.Qd8+  1/2-1/2

[Event "59th ch-RUS w HL"]
[Site "Voronezh RUS"]
[Date "2009.06.02"]
[Round "2"]
[White "Bezgodova,S"]
[Black "Stepovaia Dianchenko,T"]
[Result "1/2-1/2"]
[WhiteElo "2198"]
[BlackElo "2365"]

1.Nf3 d5 2.g3 c6 3.Bg2 Nd7 4.c4 e6 5.O-O Ngf6 6.b3 Bd6 7.Bb2 O-O 8.d3 e5
9.cxd5 cxd5 10.Nc3 a6 11.Nh4 Nb6 12.e4 d4 13.Ne2 Be6 14.Qd2 a5 15.Nf5 Bxf5
16.exf5 Nfd5 17.a3 Qd7 18.Bh3 f6 19.Rfc1 Qf7 20.Bg4 Nd7 21.Qd1 Nc5 22.Rab1 Ne7
23.Ba1 b5 24.Bf3 Rab8 25.b4 axb4 26.axb4 Na6 27.Qd2 Rb6 28.Be4 Nd5 29.Qa2 Ndxb4
30.Qa5 Rbb8 31.Bb2 Bc7 32.Qa1 Rfd8 33.Ba3 Bd6 34.Bxb4 Nxb4 35.Qa5 Qe7 36.Kg2 Rd7
37.Qa3 Ra7 38.Qb3+ Qf7 39.Qd1 Ra2 40.Ng1 Nd5 41.Qf3 Ne7 42.Rc6 Ba3 43.Rc7 Rd2
44.Ra1 b4 45.Bb7 Kh8 46.Ba6 Qf8 47.Bc4 Rc8 48.Ra7 h6 49.Qe4 Qd8 50.Nf3 Rc2
51.Nh4 Kh7 52.Qb7 Bb2 53.R1a6 R2xc4 54.dxc4 d3 55.Ng6 Bd4 56.Nxe7 Rb8 57.Ra8 Rxb7
58.Rxd8 Rxe7 59.Raa8 g5 60.Rh8+  1/2-1/2

[Event "II Magistral"]
[Site "Asuncion PAR"]
[Date "2009.06.03"]
[Round "6"]
[White "Soppe,G"]
[Black "Cubas,Jo"]
[Result "1/2-1/2"]
[WhiteElo "2427"]
[BlackElo "2434"]

1.Nf3 d5 2.g3 Nf6 3.Bg2 c6 4.O-O Bf5 5.d3 h6 6.c4 e6 7.Be3 dxc4 8.dxc4 Qxd1
9.Rxd1 Nbd7 10.Nc3 e5 11.h3 Be6 12.Nd2 Nb6 13.b3 Nfd7 14.Nde4 f5 15.Nd6+ Bxd6
16.Rxd6 Ke7 17.Rdd1 Rad8 18.a4 Nc8 19.a5 a6 20.Bc1 Kf7 21.Ba3 Nf6 22.Na4 Ne7
23.Nc5 Bc8 24.Bb2 Ng6 25.Kf1 h5 26.h4 Ng4 27.Ke1 f4 28.Ne4 fxg3 29.Ng5+ Kf6
30.Ne4+ Kf7 31.Ng5+ Kf6  1/2-1/2

[Event "Copper State Int"]
[Site "Mesa USA"]
[Date "2009.06.03"]
[Round "10"]
[White "Ramirez,Alej"]
[Black "Kacheishvili,G"]
[Result "0-1"]
[WhiteElo "2563"]
[BlackElo "2613"]

1.Nf3 d5 2.g3 Bg4 3.Bg2 Nd7 4.d4 e6 5.O-O Ngf6 6.Nbd2 Be7 7.c3 h6 8.Qb3 Rb8
9.Re1 Bf5 10.Nf1 O-O 11.c4 dxc4 12.Qxc4 b5 13.Qb3 c5 14.Bf4 c4 15.Qd1 Rc8
16.N3d2 Nd5 17.e4 Nxf4 18.gxf4 Bh7 19.Ng3 Bb4 20.a3 Ba5 21.Re3 Nf6 22.Ne2 Bb6
23.Nb1 Rc7 24.Nbc3 Rd7 25.Nxb5 a6 26.Nbc3 Bxd4 27.Nxd4 Rxd4 28.Qe2 Qc7 29.e5 Nd7
30.Ne4 Nc5 31.Nxc5 Qxc5 32.Be4 Rfd8 33.Rc1 Rd2 34.Bxh7+ Kxh7 35.Qf3 Rxb2
36.Qe4+ g6 37.Rxc4 Qe7 38.Rc2 Rxc2 39.Qxc2 Rd4 40.Rf3 Qh4 41.Qe2 Qg4+ 42.Kf1 a5
43.h3 Qf5 44.Qe3 Rd1+ 45.Kg2 Qb1 46.Rg3 Rg1+ 47.Kf3 Re1 48.Qd4 Qb7+ 49.Kg4 Re4
50.Qd8 Rxe5 51.Rf3 Rd5 52.Qf8 Rf5 53.Kg3 Qb1  0-1

[Event "XXXI Nezhmetdinov Mem"]
[Site "Kazan RUS"]
[Date "2009.06.05"]
[Round "6"]
[White "Sabaev,E"]
[Black "Toropov,P"]
[Result "1/2-1/2"]
[WhiteElo "2272"]
[BlackElo "2176"]

1.Nf3 d5 2.g3 Nf6 3.Bg2 Bf5 4.O-O e6 5.d3 Nbd7 6.Nbd2 Bg6 7.Qe1 Be7 8.e4 O-O
9.Nh4 dxe4 10.Nxg6 hxg6 11.dxe4 e5 12.Qe2 c6 13.b3 b5 14.Bb2 Bc5 15.Kh1 Qb6
16.a3 a6 17.Rad1 Rad8 18.Bh3 g5 19.Bxd7 Nxd7 20.Nf3 f6 21.h4 gxh4 22.Nxh4 Rfe8
23.Kg2 Nf8 24.Nf5 g6 25.Nh6+ Kg7 26.Ng4 Ne6 27.Qf3 Be7 28.Rxd8 Rxd8 29.Rh1 Ng5
30.Qe2 Qc7 31.Bc1 Nf7 32.Ne3 Qd7 33.Rd1 Qe6 34.Rxd8 Bxd8 35.Qd3 Qd6 36.a4  1/2-1/2

[Event "59th ch-RUS w HL"]
[Site "Voronezh RUS"]
[Date "2009.06.06"]
[Round "6"]
[White "Kharashuta,E"]
[Black "Ubiennykh,E"]
[Result "1-0"]
[WhiteElo "2274"]
[BlackElo "2288"]

1.Nf3 d5 2.g3 Nf6 3.Bg2 c6 4.O-O Bf5 5.d3 h6 6.Nfd2 Qd7 7.e4 Bh3 8.Nc3 Bxg2
9.Kxg2 c5 10.f4 dxe4 11.Ndxe4 Nxe4 12.Nxe4 e6 13.Be3 Nc6 14.Qf3 b6 15.c3 Rd8
16.Rad1 Be7 17.g4 O-O 18.g5 hxg5 19.fxg5 Ne5 20.Qg3 Qd5 21.Kg1 Ng6 22.Qg4 Bd6
23.Qh5 c4 24.Rf3 cxd3 25.Rh3 f5 26.Nxd6 Rxd6 27.Qxg6 Qe5 28.Qh5 f4 29.Bd4 Qe2
30.Qh7+ Kf7 31.Qxg7+ Ke8 32.Qg6+ Kd7 33.Qxd3 Qg4+ 34.Kh1 e5 35.Rh7+ Ke6 36.Rg1 Qf5
37.Qc4+  1-0

[Event "12th IHEM"]
[Site "Hamburg GER"]
[Date "2009.06.07"]
[Round "9"]
[White "Berg,K"]
[Black "Hebbinghaus,H"]
[Result "0-1"]
[WhiteElo "2440"]
[BlackElo "2298"]

1.Nf3 d5 2.g3 Nc6 3.c4 d4 4.d3 e5 5.Bg2 Nf6 6.O-O Nd7 7.Na3 Be7 8.Nc2 a5
9.e3 Nc5 10.exd4 exd4 11.Re1 Ne6 12.b3 O-O 13.Bb2 Bf6 14.a3 Rb8 15.b4 axb4
16.axb4 b5 17.c5 Bb7 18.Qd2 Qd7 19.h4 Rfe8 20.Ng5 Nf8 21.Rxe8 Rxe8 22.Re1 Rxe1+
23.Qxe1 h6 24.Ne4 Be7 25.Nd2 Bf6 26.Be4 Ne6 27.Nf3 g6 28.Qa1 Bg7 29.Qa2 Kf8
30.h5 g5 31.Qd5 Qxd5 32.Bxd5 Ned8 33.Ba1 Bf6 34.g4 Bc8 35.Bxc6 Nxc6 36.Nfxd4 Bxd4
37.Bxd4 Bxg4 38.Bf6 Bxh5 39.d4 Bf3 40.Na3 Be2 41.Nc2 Bd3 42.d5 Bxc2 43.dxc6 Kg8
44.Be5 Be4 45.f4 Kh7 46.Bxc7 Kg6 47.fxg5 hxg5 48.Kf2 Bxc6 49.Ke3 f5 50.Bh2 f4+
51.Kd4 Kf5 52.Bg1 g4 53.Bf2 g3 54.Be1 Kg4 55.Ke5 f3 56.Kd6 f2 57.Bxf2 gxf2  0-1

[Event "59th ch-RUS w HL"]
[Site "Voronezh RUS"]
[Date "2009.06.07"]
[Round "7"]
[White "Kovalevskaya,E"]
[Black "Zaiatz,E"]
[Result "0-1"]
[WhiteElo "2450"]
[BlackElo "2362"]

1.Nf3 d5 2.g3 g6 3.Bg2 Bg7 4.d4 c6 5.O-O Nf6 6.Be3 O-O 7.Qc1 Re8 8.Bh6 Bh8
9.c4 Ne4 10.Nc3 Bg4 11.cxd5 cxd5 12.Nxe4 dxe4 13.Ng5 Bxe2 14.Re1 Bd3 15.Qf4 Bf6
16.Nxe4 Bxe4 17.Rxe4 Nc6 18.d5 Nd4 19.Rxd4 e5 20.dxe6 Qxd4 21.exf7+ Kxf7
22.Bxb7 Rad8 23.Qf3 Kg8 24.Rc1 Qxb2 25.Bd5+ Kh8 26.Rc7 Re7 27.Rc2 Qe5 28.Re2 Qa1+
29.Kg2 Rxe2 30.Qxe2 Qe5 31.Qxe5 Bxe5 32.Bb3 Bd4 33.h4 Re8 34.Kf3 Re1 35.Bc4 Rb1
36.g4 Rh1 37.Kg3 Be5+ 38.f4 Bf6 39.Bg5 Kg7 40.f5 gxf5 41.gxf5 h6 42.Be3 Rxh4
43.Be6 a5 44.Bd5 Rb4 45.Kf3 h5 46.Bb3 a4 47.Bd5 Be5 48.a3 Rg4 49.Be6 Rg3+
50.Ke4 Bb2 51.Bd7 h4 52.Kf4 Bxa3 53.Bd4+ Kf8 54.Be5 Bc1+ 55.Ke4 Re3+ 56.Kd4 Rxe5
57.Kxe5 a3  0-1

[Event "XLIV Capablanca Memorial Open"]
[Site "Havana CUB"]
[Date "2009.06.08"]
[Round "1"]
[White "Lucena,L"]
[Black "Aguero,L"]
[Result "0-1"]
[WhiteElo "2206"]
[BlackElo "2400"]

1.Nf3 d5 2.g3 Nf6 3.Bg2 c6 4.O-O Bg4 5.Ne5 Bh5 6.d4 e6 7.c4 Nbd7 8.cxd5 cxd5
9.Nd3 Be7 10.Nc3 O-O 11.Nf4 Bg6 12.Nxg6 hxg6 13.Bg5 Rc8 14.Rc1 a6 15.Qb3 b5
16.e4 dxe4 17.Nxe4 Nxe4 18.Bxe7 Qxe7 19.Bxe4 Nf6 20.Bf3 Qd6 21.Qe3 Rfd8 22.Rc5 Nd7
23.Rcc1 Nb6 24.b3 Rd7 25.Rxc8+ Nxc8 26.d5 e5 27.Rc1 Ne7 28.Qc5 f5 29.Qxd6 Rxd6
30.Rc7 Nxd5 31.Bxd5+ Rxd5 32.Rc6 a5 33.Ra6 b4 34.h4 e4 35.Kf1 Rc5 36.Ke1 Kh7
37.Ra8 g5 38.hxg5 Kg6 39.Ra7 Rc2 40.Rxa5 Kxg5 41.Ra7 g6 42.Ra6 Rb2 43.Kf1 Kg4
44.Kg2 g5 45.Rb6 e3 46.Rxb4+ f4 47.gxf4 Rxf2+ 48.Kg1 gxf4 49.a4 Kg3 50.Rc4  0-1

[Event "XLIV Capablanca Memorial Open"]
[Site "Havana CUB"]
[Date "2009.06.08"]
[Round "1"]
[White "Pina Vega,S"]
[Black "Rasmussen,Kar"]
[Result "0-1"]
[WhiteElo "2270"]
[BlackElo "2447"]

1.Nf3 d5 2.g3 Bg4 3.Bg2 Nd7 4.h3 Bh5 5.d3 e6 6.Nbd2 Bd6 7.e4 Ne7 8.O-O c6
9.Qe1 O-O 10.e5 Bc7 11.d4 Bg6 12.Qd1 c5 13.c3 Nc6 14.Nb3 c4 15.Nbd2 b5 16.a3 f6
17.exf6 Qxf6 18.Ne1 Ne7 19.Ndf3 Nf5 20.Bg5 Qf7 21.Qd2 Nd6 22.Rd1 a5 23.Qc1 Ne4
24.Bd2 h6 25.Nc2 Bh7 26.Ne3 g5 27.Ng4 Qg7 28.h4 gxh4 29.Nxh6+ Kh8 30.Ng5 Nxg5
31.Bxg5 Bd8 32.gxh4 Nf6 33.f4 Ne4 34.Rf3 b4 35.axb4 axb4 36.Ng4 bxc3 37.bxc3 Ra2
38.Ne5 Ba5 39.h5 Rb8 40.Ng6+ Kg8 41.f5 Rbb2 42.Bh3 Rc2 43.Qf4 Bc7 44.Qg4 Bh2+
45.Kh1 Nf2+ 46.Rxf2 Rxf2 47.f6 Bxg6 48.hxg6 Qxg6 49.Qxe6+ Kh8 50.Qxd5 Bc7
51.Qc5 Qe4+  0-1

[Event "Open"]
[Site "Brescia ITA"]
[Date "2009.06.09"]
[Round "4"]
[White "Efimov,Ig"]
[Black "Dinter,B"]
[Result "1-0"]
[WhiteElo "2439"]
[BlackElo "2130"]

1.Nf3 d5 2.g3 Nf6 3.Bg2 g6 4.O-O Bg7 5.d4 O-O 6.Nbd2 b6 7.c4 e6 8.b3 Bb7
9.Ba3 Re8 10.Ne5 Ne4 11.cxd5 exd5 12.Nxe4 dxe4 13.Qc2 c5 14.Rfd1 Bxe5 15.dxe5 Qe7
16.Bxe4 Nc6 17.f4 Rad8 18.e3 Nb4 19.Bxb4 cxb4 20.Qg2 Ba6 21.Rac1 Rxd1+ 22.Rxd1 Rd8
23.Rd4 Rc8 24.Qd2 Rc3 25.Rd8+ Kg7 26.Qd6 Qxd6 27.exd6 Rxe3 28.d7 Bb5 29.Rg8+  1-0

[Event "XLIV Capablanca Memorial Open"]
[Site "Havana CUB"]
[Date "2009.06.09"]
[Round "2"]
[White "Arencibia Rodriguez,W"]
[Black "Ordaz Valdes,L"]
[Result "1-0"]
[WhiteElo "2519"]
[BlackElo "2296"]

1.Nf3 d5 2.g3 Nf6 3.Bg2 Bf5 4.c4 c6 5.cxd5 cxd5 6.O-O Nc6 7.d3 h6 8.Nc3 e6
9.Qb3 Qc8 10.Bf4 Be7 11.Nb5 O-O 12.Rfc1 Qd7 13.Nbd4 Nxd4 14.Nxd4 Bd6 15.Bxd6 Qxd6
16.Rc2 Rac8 17.Rac1 Rxc2 18.Rxc2 Qd7 19.Qb5 e5 20.Qxd7 Bxd7 21.Nf3 Re8 22.Rc7 e4
23.dxe4 dxe4 24.Nd4 Rc8 25.Rxc8+ Bxc8 26.Nb5 Be6 27.b3 a6 28.Nd6 Bd5 29.Bh3 Kf8
30.Bc8 Ke7 31.Nxb7 Bxb7 32.Bxb7 a5 33.e3 Kd6 34.Kf1 Kc5 35.a3 Kb6 36.Ba8 Ka7
37.Bc6 Kb6 38.Ba4 Kc5 39.Ke2 Ng4 40.h3 Nf6 41.Kd2 g5 42.g4 Kd5 43.Bb5 Kd6
44.Bc4 Nd7 45.Bxf7 Ne5 46.Bg8 Nf3+ 47.Ke2 Ng1+ 48.Kf1 Nf3 49.Kg2 Ne1+ 50.Kg3 Nc2
51.Bh7 Ke5 52.f3 Nxe3 53.Bxe4 Nf1+ 54.Kf2 Nd2 55.b4 axb4 56.axb4 Kd4 57.b5 Nc4
58.Bc6 Nb6 59.Ke2 Nc4 60.Kd1 Kc3 61.Be4 Nb6 62.Ke2 Kd4 63.Bb7 Nc4 64.Bc6 Nb6
65.Kf2 Nc4 66.h4 Ke5 67.Kg3 Nb6 68.hxg5 hxg5 69.f4+ gxf4+ 70.Kh4 Kf6 71.Kh5 Kg7
72.Kg5 f3 73.Bxf3  1-0

[Event "XLIV Capablanca Memorial Open"]
[Site "Havana CUB"]
[Date "2009.06.09"]
[Round "2"]
[White "Linares Napoles,O"]
[Black "Perez Garcia,Rodn"]
[Result "1/2-1/2"]
[WhiteElo "2295"]
[BlackElo "2436"]

1.Nf3 d5 2.g3 Bg4 3.Bg2 Nd7 4.c4 e6 5.O-O c6 6.Qc2 Ngf6 7.b3 Bd6 8.d3 O-O
9.Nbd2 Re8 10.a3 a5 11.Ra2 e5 12.h3 Bh5 13.e4 dxe4 14.dxe4 Nc5 15.Bb2 Qb6
16.Bc3 Bxf3 17.Bxf3 Ne6 18.Qb1 Nd4 19.Re1 Bc5 20.Kg2 h5 21.Bd1 h4 22.Nf3 hxg3
23.fxg3 Nh7 24.Nh4 Ng5 25.Rf1 g6 26.Bd2 Nde6 27.Bg4 Red8 28.Bc3 Bd4 29.Be1 Nc5
30.b4 Ncxe4 31.Nxg6 axb4 32.axb4 fxg6 33.h4 Rxa2+ 34.Qxa2 c5 35.hxg5 Nxg5
36.b5 Qd6 37.Qd2 Qe7 38.Qc2 e4 39.Bd2 Nf7 40.Re1 Re8 41.Bf4 Kg7 42.Rh1 Rh8
43.Rxh8 Kxh8 44.Qb1 Kg7 45.Qc2 Nh6 46.Bxh6+ Kxh6 47.Qd2+ e3 48.Qe2 Qf7 49.Bf3 b6
50.Be4  1/2-1/2

[Event "TCh-BUL w"]
[Site "Sunny Beach BUL"]
[Date "2009.06.10"]
[Round "3"]
[White "Petkova,V"]
[Black "Vladimirova,M"]
[Result "1/2-1/2"]
[WhiteElo "1928"]
[BlackElo "2084"]

1.Nf3 d5 2.g3 c6 3.Bg2 Bg4 4.Ne5 Bh5 5.g4 Bg6 6.h4 Qd6 7.d4 h5 8.g5 Nd7 9.Nxg6 Qxg6
10.c4 e6 11.Nc3 Ne7 12.cxd5 exd5 13.Bf4 Nb6 14.b3 Nf5 15.Kf1 Bd6 16.Bxd6 Nxd6
17.Rc1 O-O 18.e3 Qh7 19.Bf3 g6 20.Ne2 Nf5 21.Nf4 Rae8 22.Qd3 Re7 23.Re1 Rfe8
24.e4 dxe4 25.Rxe4 Rxe4 26.Bxe4 Nd6 27.Bf3 Nf5 28.Kg2 Rd8 29.d5 Qg7 30.Nxh5 Nxh4+
31.Rxh4 gxh5 32.Rxh5 Nxd5 33.Qf5 Qg6 34.Qe5 Qg7 35.Qf5 Qg6 36.Qe5 Qg7 37.Qf5  1/2-1/2

[Event "TCh-BUL w"]
[Site "Sunny Beach BUL"]
[Date "2009.06.11"]
[Round "4"]
[White "Koen,M"]
[Black "Yordanova,S"]
[Result "0-1"]
[WhiteElo "2114"]
[BlackElo "2220"]

1.Nf3 d5 2.g3 Nf6 3.Bg2 Bf5 4.d3 e6 5.O-O h6 6.Nbd2 c6 7.h3 Be7 8.Qe1 Bh7
9.e4 dxe4 10.dxe4 Na6 11.Qe2 O-O 12.Ne1 Re8 13.f4 Nc5 14.Kh1 a5 15.g4 Qd4
16.c3 Ncxe4 17.Kh2 Nxc3 18.bxc3 Qxc3 19.Nb3 Qb4 20.Bd2 Qb6 21.Rc1 Nd5 22.Qc4 Ne3
23.Bxe3 Qxe3 24.Rc3 Qb6 25.f5 exf5 26.Nd4 Bf6 27.Nef3 fxg4 28.hxg4 Be4 29.Re3 Bd5
30.Rxe8+ Rxe8 31.Qd3 Bxa2 32.Nf5 Qb4 33.Qd7 Rd8 34.Qc7 Be6 35.Ne5 Rc8  0-1

[Event "Maia Chiburdanidze Cup"]
[Site "Tbilisi GEO"]
[Date "2009.06.12"]
[Round "8"]
[White "Zhorzholiani,M"]
[Black "Vakhania,A"]
[Result "0-1"]
[WhiteElo "2135"]
[BlackElo "2150"]

1.Nf3 d5 2.g3 Nf6 3.Bg2 g6 4.O-O Bg7 5.d4 O-O 6.Nbd2 b6 7.b3 Bb7 8.Bb2 e6
9.c4 Ne4 10.Qc2 Nd7 11.Nxe4 dxe4 12.Ne5 f5 13.Rfd1 Nxe5 14.dxe5 Qe7 15.a4 Rfd8
16.Rxd8+ Rxd8 17.a5 a6 18.e3 Rd3 19.axb6 cxb6 20.Rd1 Qd7 21.Rxd3 exd3 22.Qd2 Bxg2
23.Kxg2 b5 24.f3 bxc4 25.bxc4 Qb7 26.Kf2 Bf8 27.Qc1 Qb3 28.Qc3 Qd1 29.Bc1 Bc5
30.Qe1 Qc2+ 31.Bd2 Bb4  0-1

[Event "XXVII Open A"]
[Site "Balatonlelle HUN"]
[Date "2009.06.14"]
[Round "2"]
[White "Vukovic,Ivo"]
[Black "Banusz,T"]
[Result "0-1"]
[WhiteElo "2286"]
[BlackElo "2502"]

1.Nf3 d5 2.g3 c6 3.Bg2 Bg4 4.b3 Nd7 5.Bb2 Ngf6 6.O-O e6 7.d3 Bd6 8.Nbd2 O-O
9.e4 dxe4 10.Nxe4 Be5 11.Qc1 Bxb2 12.Qxb2 Nxe4 13.dxe4 Bxf3 14.Bxf3 Qa5 15.Rad1 Rfd8
16.Kg2 h6 17.Rfe1 Nf6 18.e5 Nd5 19.a3 Qc3 20.Qc1 Ne7 21.Be4 a5 22.a4 Rxd1
23.Qxd1 Nd5 24.Bxd5 cxd5 25.Re2 Rc8 26.Qd2 Qxd2 27.Rxd2 g5 28.h3 Kg7 29.g4 Rc3
30.Re2 Kg6 31.f3 h5 32.Kf2 h4 33.Kg2 f6 34.exf6 Kxf6 35.Kf2 e5 36.Kg2 Ke6
37.Kf2 d4 38.Kg2 Kd5 39.Rd2 d3 40.Kf1 Kd4 41.cxd3 Rxd3 42.Ke2 Rxd2+ 43.Kxd2 e4
44.fxe4 Kxe4 45.Ke2 Kf4 46.Kf2 b6  0-1

[Event "Open"]
[Site "Teplice CZE"]
[Date "2009.06.14"]
[Round "2"]
[White "Ivanov,MM"]
[Black "Bartos,J"]
[Result "1/2-1/2"]
[WhiteElo "2470"]
[BlackElo "2188"]

1.Nf3 d5 2.g3 g6 3.Bg2 Bg7 4.c4 dxc4 5.Na3 c5 6.Nxc4 Nc6 7.d3 Nf6 8.Be3 Nd4
9.Nxd4 cxd4 10.Bf4 O-O 11.Qb3 Nd5 12.Bd2 Rb8 13.O-O Be6 14.a4 Qd7 15.Qb5 Rfd8
16.Rfc1 Bg4 17.Re1 Be6 18.Rac1 Rbc8 19.Na5 Rb8 20.Rc2 a6 21.Qxd7 Rxd7 22.Rec1 Be5
23.Nc4 Bc7 24.a5 Kg7 25.e4 dxe3 26.fxe3 Nf6 27.Bf1 Ng4 28.Nb6 Bxb6 29.axb6 Ne5
30.Bc3 f6 31.Bxe5 fxe5 32.Rc7 Kf7 33.Bg2 Rxd3 34.Rf1+ Ke8 35.Bxb7 Rd6 36.e4 Bh3
37.Rf3 Rxb6 38.Bc6+ Rxc6 39.Rxc6 Rxb2 40.Re3 Rg2+  1/2-1/2

[Event "FSIMB June"]
[Site "Budapest HUN"]
[Date "2009.06.15"]
[Round "9"]
[White "Petran,Pa"]
[Black "Farago,S"]
[Result "0-1"]
[WhiteElo "2361"]
[BlackElo "2255"]

1.Nf3 d5 2.g3 c6 3.Bg2 Nf6 4.O-O Bf5 5.d3 h6 6.Nbd2 e6 7.b3 Nbd7 8.Bb2 Be7
9.e4 Bh7 10.e5 Ng8 11.Qe2 Bc5 12.d4 Bb6 13.c4 a5 14.Ba3 Ne7 15.Bd6 Nf5 16.c5 Ba7
17.a3 b5 18.b4 a4 19.Rfe1 g5 20.g4 Ng7 21.Nf1 Nf8 22.Ng3 Ng6 23.Qe3 Kd7 24.Bf1 Bb8
25.Rac1 Bc7 26.Bd3 Nf4 27.Bxh7 Rxh7 28.Ne2 Ng6 29.h4 Qh8 30.Kg2 Bd8 31.Rh1 h5
32.Nxg5 Bxg5 33.Qxg5 Rg8  0-1

[Event "XXVII Open A"]
[Site "Balatonlelle HUN"]
[Date "2009.06.16"]
[Round "4"]
[White "Vukovic,Ivo"]
[Black "Kiss,Pa1"]
[Result "0-1"]
[WhiteElo "2286"]
[BlackElo "2385"]

1.Nf3 d5 2.g3 c6 3.Bg2 Nf6 4.b3 Bg4 5.Bb2 e6 6.d3 Be7 7.Nbd2 O-O 8.O-O Nbd7
9.Re1 a5 10.a3 Qb6 11.Rb1 Rfc8 12.c4 Qd8 13.Qc2 Qf8 14.Ra1 h6 15.a4 Bd6 16.Nf1 Bb4
17.Red1 Bf5 18.Ne3 Bh7 19.Bh3 Qd8 20.Rac1 Be7 21.Ne5 Nxe5 22.Bxe5 Nd7 23.Bc3 Bf6
24.Ng4 Bxc3 25.Qxc3 Bf5 26.f3 Bxg4 27.Bxg4 Nf6 28.Bh3 d4 29.Qd2 Qe7 30.Rb1 Nd7
31.f4 Nc5 32.Rf1 f5 33.Bg2 Rd8 34.Rfe1 Qd6 35.Kh1 Kf7 36.Rf1 g6 37.Bf3 Kg7
38.Rfe1 Kf7 39.Kg2 Rd7 40.Rb2 Qc7 41.Ra1 Qb6 42.b4 axb4 43.Rxb4 Qa5 44.Qb2 Re8
45.Rb6 e5 46.fxe5 Rxe5 47.Qb4 Qxb4 48.Rxb4 Na6 49.Rb3 Ra5 50.Kf2 Nc5 51.Rba3 Re7
52.h4 Kf6 53.R3a2 Re8 54.Ra3 Rea8 55.e3 Ke5 56.Bd1 g5 57.hxg5 hxg5 58.Bc2 Re8
59.exd4+ Kxd4  0-1

[Event "13th Master Open"]
[Site "Voronezh RUS"]
[Date "2009.06.16"]
[Round "5"]
[White "Terentiev,V1"]
[Black "Sukhareva,E"]
[Result "1-0"]
[WhiteElo "2301"]
[BlackElo "2182"]

1.Nf3 d5 2.g3 c5 3.Bg2 Nc6 4.d4 e6 5.O-O Nf6 6.c4 dxc4 7.dxc5 Qa5 8.Na3 Qxc5
9.Be3 Qh5 10.Nxc4 Nd5 11.Bd4 Nxd4 12.Qxd4 Be7 13.e4 Nf6 14.Nd6+ Bxd6 15.Qxd6 Nxe4
16.Qb4 Nf6 17.Nd4 Bd7 18.Bxb7 Rb8 19.Nc6 Nd5 20.Qa5 Bxc6 21.Bxc6+ Ke7 22.Rad1 Rhd8
23.Bxd5 exd5 24.Qc5+ Kf6 25.Rfe1 Kg6 26.b3 Qf3 27.Qc2+ Qf5 28.Qxf5+ Kxf5
29.Re7 h6 30.Rxf7+ Kg6 31.Rf4 Rb6 32.Kg2 Rbd6 33.Rdd4 Rc6 34.Ra4 Rcd6 35.Rad4 Rc8
36.Rd2 Rcd8 37.Kf3 Re8 38.Re2 Rc8 39.Rg4+ Kf7 40.Rf4+ Kg6 41.Rd4 Kf6 42.Red2 Ke5
43.Rf4 Rd7 44.Re2+ Kd6 45.Ra4 Rc6 46.Ra5 Rf7+ 47.Kg4 Rd7 48.f4 Kc7 49.Rd2 Rcd6
50.Rd4 Kb6 51.b4 Kb7 52.Rc5 Kb6 53.a3 Kb7 54.Kf3 Kb6 55.g4 Kb7 56.h4 g6 57.f5 h5
58.g5 Rd8 59.f6  1-0

[Event "XLIV Capablanca Memorial Open"]
[Site "Havana CUB"]
[Date "2009.06.17"]
[Round "9"]
[White "Lucena,L"]
[Black "Ubaldo Suarez,M"]
[Result "1-0"]
[WhiteElo "2206"]
[BlackElo "2093"]

1.Nf3 d5 2.g3 g6 3.Bg2 Bg7 4.O-O e5 5.d3 Bg4 6.h3 Bf5 7.Nbd2 Qd7 8.g4 Be6
9.Ng5 Ne7 10.Nxe6 Qxe6 11.e4 d4 12.f4 exf4 13.Nf3 h5 14.g5 O-O 15.Bxf4 c5
16.Qe1 Nd7 17.Qg3 Nc6 18.h4 Nce5 19.Bh3 Qe7 20.Nd2 Rad8 21.Rf2 b5 22.a4 bxa4
23.Rxa4 Nb6 24.Ra5 Nc6 25.Ra3 Be5 26.Bxe5 Nxe5 27.Ra5 Nc6 28.Ra1 Ne5 29.b3 Ra8
30.Rf6 Nbd7 31.Raa6 Rfe8 32.Rf2 Nb6 33.Nf3 Nc6 34.Qf4 Nb4 35.Ra5 Nc6 36.Rb5 Rab8
37.Qf6 Nd7 38.Qxc6  1-0

[Event "Open"]
[Site "Teplice CZE"]
[Date "2009.06.17"]
[Round "5"]
[White "Strebkovs,A"]
[Black "Michielsen,J"]
[Result "0-1"]
[WhiteElo "2420"]
[BlackElo "2352"]

1.Nf3 d5 2.g3 Bg4 3.Ne5 Bf5 4.c4 Nd7 5.Nxd7 Qxd7 6.Bg2 e6 7.Qb3 c6 8.d3 Nf6
9.O-O dxc4 10.dxc4 e5 11.Nc3 h6 12.Be3 Be7 13.Na4 Qc7 14.Nc5 b6 15.Na6 Qc8
16.Nb4 e4 17.f3 O-O 18.Nc2 Re8 19.Bf2 Bh3 20.a4 Bxg2 21.Kxg2 Nd7 22.a5 Nc5
23.Bxc5 Bxc5 24.f4 Qg4 25.Rfe1 Rad8 26.Ne3 Qh5 27.Nf1 g5 28.axb6 axb6 29.fxg5 hxg5
30.Rad1 Rxd1 31.Qxd1 Bb4 32.Qd7 f5 33.g4 Qf7 34.Qxf7+ Kxf7 35.Rd1 f4 36.Rd7+ Re7
37.Rxe7+ Kxe7 38.h4 gxh4 39.Kh3 Be1 40.g5 Bf2 41.Kg2 Bg3 42.Nd2 f3+ 43.Kf1 fxe2+
44.Kxe2 Be5 45.Nxe4 Ke6 46.Kf3 Kf5 47.b3 h3 48.Nf2 h2 49.Kg2 Kxg5 50.Nd3 Bd6
51.b4 b5 52.cxb5 cxb5 53.Nf2 Kf5 54.Nd1 Be5 55.Ne3+ Ke4 56.Nc2 Bb2 57.Kxh2 Kf3
58.Ne1+ Ke2 59.Ng2 Be5+ 60.Kh3 Bd6 61.Kg4 Bxb4 62.Nf4+ Kd2 63.Nd5 Bd6 64.Kf5 Kd3
65.Ke6 Bg3 66.Nb4+ Kc4 67.Nd5 Kc5 68.Nc3 b4 69.Ne4+ Kd4 70.Nd2 Kc3 71.Ne4+ Kc2
72.Nc5 Bf2 73.Na6 b3 74.Nb4+ Kd2 75.Na6  0-1

[Event "13th Master Open"]
[Site "Voronezh RUS"]
[Date "2009.06.17"]
[Round "6"]
[White "Bezgodova,S"]
[Black "Petukhov,D"]
[Result "1/2-1/2"]
[WhiteElo "2198"]
[BlackElo "2392"]

1.Nf3 d5 2.g3 Nf6 3.Bg2 g6 4.c4 c6 5.b3 Bg7 6.Bb2 O-O 7.O-O Nbd7 8.d3 Re8
9.Nbd2 e5 10.cxd5 cxd5 11.Rc1 b6 12.b4 a5 13.a3 axb4 14.axb4 Ba6 15.Qb3 Bb5
16.Ra1 Qe7 17.Rxa8 Rxa8 18.Ne1 Ba4 19.Qc3 Re8 20.e4 d4 21.Qa3 Bb5 22.Bh3 Bf8
23.Nc2 Rc8 24.Qb3 Bh6 25.Nf3 Ra8 26.Ra1 Rxa1+ 27.Bxa1 Qd6 28.Bb2 Nf8 29.Na3 Bd7
30.Nc4 Qc7 31.Bxd7 N6xd7 32.Qa4 Bg7 33.Kg2 h6 34.Qb5 Ne6 35.Qd5 Nd8 36.Ba3 Qc6
37.Nxb6 Nxb6 38.Qxd8+ Kh7 39.Qe7 Qb5 40.Ne1 f5 41.Qc5 Qa4 42.Qxb6 Qxa3 43.exf5 gxf5
44.Qa5 Qc3 45.Kf1 Kg6 46.Qa6+ Bf6 47.b5 e4 48.dxe4 Qc4+ 49.Kg2 fxe4 50.Kh3 d3
51.Ng2 d2 52.Qd6 Qd4 53.Nf4+ Kh7 54.Qe6 Qd8 55.Qf7+ Bg7 56.Ne6 Qg8 57.Qh5 Kh8
58.Nf4 Qd8 59.Ng6+ Kg8 60.Ne7+ Qxe7 61.Qd5+ Qf7 62.Qxd2 Qf5+ 63.Kg2 Qxb5
64.f3 exf3+ 65.Kxf3 Qf1+ 66.Ke4 Kh7 67.Qc2 Qf6 68.Ke3+ Kh8 69.Qc8+ Bf8 70.g4 Kg7
71.Qd7+ Be7 72.h3 Qc3+ 73.Kf2 Kf7 74.Qf5+ Kg7 75.Qd7 Qf6+ 76.Kg2 Qg5 77.Qd4+ Kf7
78.Qd3 Ke8 79.Qd4 Bf6 80.Qa4+ Kd8  1/2-1/2